00414nam a2200169Ia 4500003000400000005001700004008004100021040000700062041000800069082002000077100002400097245002400121260005700145365001200202650001600214650001400230OSt20230630132311.0210423s9999 xx 000 0 und d cAL aeng a307.14 BAMT223 aBAMBROUGH (Jacquie) aTraining your staff bSterling Publishers Private LimitedaNew Delhic2003 b75cINR aCommunities aSociology